000
00294nam a2200121Ia 4500
008
220204s9999 xx 000 0 und d
082
_a
51+31
_b
MON
100
_a
Monga, G S
245
0
_a
Mathematics and statistics for economics
250
_a
Ed.3
260
_a
Delhi
_b
Vikas
_c
1975
942
_c
BK
999
_c
27232
_d
27232